| 000 | 00724nam a22002177a 4500 | ||
|---|---|---|---|
| 999 |
_c680 _d680 |
||
| 003 | AR-CdUCM | ||
| 008 | 190225b ||||| |||| 00| 0 spa d | ||
| 040 |
_aMUNICIPALIDAD PROVINCIAL DEL CUSCO _cBIBLIOTECA MUNICIPAL DEL CUSCO |
||
| 082 |
_23ra. ed. _a868.67 / _bJ53 |
||
| 100 |
_aJimenez, Juan Ramon _92631 |
||
| 245 |
_aVersos y Prosa: _bpara niños / _cJimenez Juan Ramon |
||
| 260 |
_aMexico D.F. : _bOrion , _c1957. |
||
| 300 |
_a280 paginas. _c18.5 cm. |
||
| 440 |
_aColeccion Literaria Cervantez _92632 |
||
| 650 |
_aPedagogía poética. _92633 |
||
| 650 |
_aPoesia y Eduacion hispana. _92634 |
||
| 650 |
_aVerso y Prosa. _92635 |
||
| 700 |
_aJimenez Juan Ramon _92636 |
||
| 942 |
_2ddc _cLIBROS |
||
| 945 |
_artm _d2019-02-25 |
||